| 000 | 00895nam a22001937a 4500 | ||
|---|---|---|---|
| 999 |
_c63606 _d63606 |
||
| 003 | Ge_BSU | ||
| 005 | 20251113211755.0 | ||
| 008 | 251113s1972 ge ||||| |||| 00| 0 geo d | ||
| 041 | _ageo | ||
| 080 | _a908(474.2) დ-28 | ||
| 100 |
_aდევდარიანი, გიორგი _926226 |
||
| 245 |
_aსაბჭოთა ესტონეთი / _cგიორგი დევდარიანი, კობა ივანიძე. |
||
| 264 |
_aთბილისი : _bსაბჭ. საქართველო, _c 1972. |
||
| 300 |
_a67 გვ. ; _b16 სმ. |
||
| 490 | _aთავისუფალ ერთა მძლე კავშირი ძმური | ||
| 653 | _aკომუნისტური მშენებლობა ესტონეთში | ||
| 700 |
_aივანიძე, კობა _eავტორი _926227 |
||
| 942 |
_2udc _cBK |
||